000 00487 a2200169 4500
001 132208
003 OSt
005 20211013123352.0
008
082 _a823.92
_bA13G
100 1 _aAnam, Tahmima
245 1 _aA golden age
_cby Tahmima Anam
260 _aNew Delhi
_bPenguin Books
_c2011
300 _a317p.
690 _aBangladesh; Revolution (Bangladesh : 1971); Families; Widows; Social conditions; Women; Single mothers
942 _cBK
_2ddc
999 _c6587
_d6587